<?xml version="1.0" encoding="UTF-8"?><?xml-stylesheet type="text/xsl" href="static/style.xsl"?><OAI-PMH xmlns="http://www.openarchives.org/OAI/2.0/" xmlns:xsi="http://www.w3.org/2001/XMLSchema-instance" xsi:schemaLocation="http://www.openarchives.org/OAI/2.0/ http://www.openarchives.org/OAI/2.0/OAI-PMH.xsd"><responseDate>2026-06-02T12:30:09Z</responseDate><request verb="GetRecord" identifier="oai:riuma.uma.es:10630/40929" metadataPrefix="marc">https://riuma.uma.es/rest/oai/request</request><GetRecord><record><header><identifier>oai:riuma.uma.es:10630/40929</identifier><datestamp>2026-02-03T11:09:34Z</datestamp><setSpec>com_10630_2254</setSpec><setSpec>col_10630_37953</setSpec></header><metadata><record xmlns="http://www.loc.gov/MARC21/slim" xmlns:dcterms="http://purl.org/dc/terms/" xmlns:doc="http://www.lyncode.com/xoai" xmlns:xsi="http://www.w3.org/2001/XMLSchema-instance" xsi:schemaLocation="http://www.loc.gov/MARC21/slim http://www.loc.gov/standards/marcxml/schema/MARC21slim.xsd">
   <leader>00925njm 22002777a 4500</leader>
   <datafield ind2=" " ind1=" " tag="042">
      <subfield code="a">dc</subfield>
   </datafield>
   <datafield ind2=" " ind1=" " tag="720">
      <subfield code="a">Triviño-Cabrera, Alicia</subfield>
      <subfield code="e">author</subfield>
   </datafield>
   <datafield ind2=" " ind1=" " tag="720">
      <subfield code="a">Casaucao-Tenllado, Inmaculada</subfield>
      <subfield code="e">author</subfield>
   </datafield>
   <datafield ind2=" " ind1=" " tag="720">
      <subfield code="a">Castilla-Fernández, Miguel</subfield>
      <subfield code="e">author</subfield>
   </datafield>
   <datafield ind2=" " ind1=" " tag="260">
      <subfield code="c">2023-04-10</subfield>
   </datafield>
   <datafield ind2=" " ind1=" " tag="520">
      <subfield code="a">Electric vehicles (EVs) will be an important asset in future power grids, with a dual role as flexible loads and mobile generators. To implement a complete set of vehicle-to-grid (V2G) services, the EV chargers should be adapted for bidirectional power flow considering both active and reactive power. This article proposes a simple but effective four-quadrant controller to adjust the two types of power (active and reactive) consumed or generated by the EV. Based on a theoretical analysis, it is developed the formulation to configure the power converts given a command of active and reactive power generated/consumed. As a novelty compared with previous works, any combination of the powers is possible to enable a flexible operation of the V2G wireless charger so that the vehicle can also participate in a wide range of V2G services through a wireless charger. The system is based on the series-series (SS) compensation topology, which is one of the most typical structures in wireless chargers. Experimental results at charging power up to 1 kW with a Society of Automotive Engineers (SAE) J2954 EV charger prototype demonstrate the validity of the analytical study, in each of the eight operation modes.</subfield>
   </datafield>
   <datafield ind1="8" ind2=" " tag="024">
      <subfield code="a">A. Triviño, I. Casaucao and M. Castilla, "Flexible Regulation of Active and Reactive Power for a Fully Controllable V2G Wireless Charger," in IEEE Transactions on Transportation Electrification, vol. 10, no. 1, pp. 1070-1079, March 2024, doi: 10.1109/TTE.2023.3265189. keywords: {Reactive power;Wireless communication;Wireless sensor networks;Vehicle-to-grid;Transportation;Topology;Voltage control;Active power;bidirectional;electric vehicle (EV);harmonic approximation;magnetic resonant coupling;operation mode;reactive power;vehicle-to-grid (V2G) control;wireless power transfer (WPT)},</subfield>
   </datafield>
   <datafield ind1="8" ind2=" " tag="024">
      <subfield code="a">https://hdl.handle.net/10630/40929</subfield>
   </datafield>
   <datafield ind1="8" ind2=" " tag="024">
      <subfield code="a">10.1109/TTE.2023.3265189</subfield>
   </datafield>
   <datafield tag="653" ind2=" " ind1=" ">
      <subfield code="a">Energía eléctrica - Transporte</subfield>
   </datafield>
   <datafield tag="653" ind2=" " ind1=" ">
      <subfield code="a">Vehículos eléctricos</subfield>
   </datafield>
   <datafield ind2="0" ind1="0" tag="245">
      <subfield code="a">Flexible regulation of active and reactive power for a fully controllable V2G wireless charger</subfield>
   </datafield>
</record>
</metadata></record></GetRecord></OAI-PMH>